Państwa G20 - Statystyki

Ogólne statystyki
  • Ten quiz został rozwiązany 236 razy
  • Średni wynik to 16 z 19
Statystyki odpowiedzi
Państwo % Poprawnych
Stany Zjednoczone
98%
Chiny
95%
Rosja
93%
Brazylia
92%
Francja
92%
Niemcy
92%
Japonia
89%
Kanada
89%
Wielka Brytania
89%
Indie
86%
Australia
85%
Włochy
85%
Argentyna
83%
Korea Południowa
82%
Meksyk
77%
Indonezja
70%
Arabia Saudyjska
68%
Republika Południowej Afryki
62%
Turcja
57%
Nie znaleziono quizów pasujących do podanych kryteriów
Rozkład punktacji
Procent ludzi z każdym wynikiem
Percentyl według liczby udzielonych odpowiedzi
Twoja historia wyników
Nie rozwiązałeś tego quizu